000 01120nam a2200253Ia 4500
999 _c55743
_d55743
001 22838
003 GE_BSU
005 20230522105315.0
008 181216s ||||ge |||||||||||||| ||geo||
040 _cGE_BSU
041 _ageo
080 _a008(479.22)(09) ძ-63
100 _aძიძიგური, შ.
_918168
245 _aნიკო მარი :
_bქართული კულტურის მკვლევარი /
_cშ. ძიძიგური ; რედ. შ. დარახველიძე ; მხატვ. ჯ.ყავლაშვილი.
264 _aთბილისი :
_bნაკადული,
_c1965.
300 _a107გვ. :
_b1ფ. პორტრ. ;
_c20სმ..
541 _h62 თ.
653 _aნიკო მარი
653 _aქართული კულტურის მკვლევარი
653 _aქართული ენა
700 _aდარახველიძე, შ.
_eრედაქტორი
_914754
700 _aყავლაშვილი, ჯ
_eმხატრული
_95903
942 _cBK
_2udc